000 00296nam a2200121Ia 4500
008 190216s9999||||xx |||||||||||||| ||und||
100 _aNull
245 0 _aSalafi Prabodanam Lakshyavum Margavum
260 _bIndia Islahi Centre U A E
300 _a104
650 _aIslamic History
942 _cBK
999 _c22279
_d22279